000 004980000a22001810004500
020 _a0-8010-6167-9
041 0 _aENG
082 0 4 _aG 266 M1737g
100 1 _aMcQuilkin, Robertson
245 1 0 _aA biblical basis for world evangelism : The great omission / Robertson McQuilkin
260 _aGrand Rapids, MI., USA : Baker
300 _a103 Pag
001 7405
942 _cBK
999 _c37620
_d37620
336 _atexto
_btxt
_2rdacontent
337 _2rdamedia
_asin mediación
_bn
338 _2rdacarrier
_avolumen
_bnc